[Event "Biel"]
[Site "30"]
[Date "1997.07.27"]
[Round "6"]
[White "Karpov, Anatoly"]
[Black "Pelletier, Yannick"]
[Result "1-0"]
[WhiteElo "2745"]
[BlackElo "2465"]
[Annotator "JvR"]
[PlyCount "101"]
[EventDate "1997.07.20"]
[SourceDate "2013.10.27"]

1. d4 d5 2. c4 c6 3. Nc3 Nf6 4. e3 e6 5. Nf3 Nbd7 6. Qc2 Bd6 7. Bd3 O-O 8. O-O
h6 9. Rd1 Qe7 10. h3 b6 $5 11. cxd5 cxd5 12. Nb5 Ba6 13. Bd2 Ne4 14. Be1 Bb4 $6
({Better is} 14... Bxb5 15. Bxb5 Rfc8 16. Bc3 {(Fritz).}) 15. Bxb4 Qxb4 16. a3
Qe7 17. Qa4 Bb7 18. Rac1 a6 19. Nc7 b5 20. Qa5 Rac8 $2 (20... Qd8 21. Ne5 Nec5
$1 22. Nxd7 Nxd7 {defends well.}) 21. Nxa6 Bxa6 22. Qxa6 {
White has gained a pawn.} Ra8 23. Qc6 Nd6 24. Bxb5 Nf6 25. Ba6 Rfb8 26. b4 Qd8
27. b5 Nc4 28. Rxc4 $1 dxc4 29. Ne5 Qa5 30. Nxc4 Qc3 31. Rf1 Nd5 32. Qc5 Qc2
33. Nd6 Qd3 34. Rc1 Rd8 35. Bb7 Rxa3 36. Bxd5 exd5 37. b6 Rb3 38. Nxf7 $1 Rf8 (
{The pointe is} 38... Kxf7 39. Qc7+ $1 Ke8 40. Rc6 Qf5 41. Qxg7) 39. Qxd5 Kh7
40. Ne5 Qd2 41. Rf1 Qc2 42. Qc5 Rc8 43. Qd6 Ra8 44. h4 Rb1 45. Rxb1 Qxb1+ 46.
Kh2 Qe4 47. Kg3 Ra2 48. h5 Qc2 49. Qg6+ Kg8 50. Qf7+ Kh7 51. Nd7 {
Karpov defeated Pelletier for the second time.} 1-0

[Event "Biel"]
[Site "30"]
[Date "1997.07.27"]
[Round "6"]
[White "Lautier, Joel"]
[Black "Anand, Viswanathan"]
[Result "0-1"]
[WhiteElo "2660"]
[BlackElo "2765"]
[Annotator "JvR"]
[PlyCount "68"]
[EventDate "1997.07.20"]
[SourceDate "2013.10.27"]

1. e4 c5 2. Nf3 d6 3. d4 cxd4 4. Nxd4 Nf6 5. Nc3 a6 6. Bc4 e6 7. Bb3 b5 8. O-O
b4 9. Na4 Bd7 10. f4 Nc6 11. Be3 Rb8 12. c3 Be7 13. e5 dxe5 $1 ({Known is} 
13... Nd5 14. Bxd5 exd5 {(Kalegin - Dvoirys, Kursk 1987).}) 14. fxe5 Nxe5 15.
Bf4 Ng6 $1 16. Bxb8 Qxb8 {Black has a great compensation for the exchange.} 17.
cxb4 Bxb4 18. Rc1 O-O 19. Kh1 $2 (19. Nf3 $1 {brings a knight into safety.})
19... Rd8 $1 20. Nc5 Bxc5 21. Rxc5 Bb5 22. Rxf6 $1 gxf6 23. Qg1 {
White tries to escape from the pressure.} Be8 24. Nc6 Bxc6 25. Rxc6 a5 26. Qf2
Kg7 27. h3 Rd7 28. Rc5 $2 (28. Rc1 {utilises the rook as a defender.}) 28...
Qd8 $1 29. Qe3 Rd3 $1 30. Qe1 Qd4 31. Rxa5 Re3 32. Qc1 Qe4 33. Kh2 Qf4+ 34. Kg1
Qg3 {Anand kept the lead.} (34... Qg3 35. Kf1 Nf4 {(Anand)} 36. Qd2 Re1+ 37.
Qxe1 Qxg2# {leads to a nice finish.}) 0-1

[Event "Biel"]
[Site "30"]
[Date "1997.07.28"]
[Round "7"]
[White "Anand, Viswanathan"]
[Black "Milov, Vadim"]
[Result "0-1"]
[WhiteElo "2765"]
[BlackElo "2635"]
[Annotator "JvR"]
[PlyCount "122"]
[EventDate "1997.07.20"]
[SourceDate "2013.10.27"]

1. Nf3 Nf6 2. c4 c5 3. g3 b6 4. Bg2 Bb7 5. O-O g6 6. Nc3 Bg7 7. d4 cxd4 8. Qxd4
d6 9. Rd1 Nbd7 10. b3 Rc8 11. Bb2 O-O 12. Qe3 a6 13. Nd4 Bxg2 14. Kxg2 Rc5 15.
f3 Re8 $5 ({The alternative is} 15... Qb8) 16. Qd2 Qb8 17. Ba3 Rcc8 18. Rac1
Qb7 19. e4 h5 $1 {Both sides go forwards.} 20. Bb2 Ne5 21. Qe2 e6 22. Ba3 Rcd8
23. Rc2 d5 $5 24. f4 $2 ({Correct is} 24. cxd5 exd5 25. f4 {(Milov).}) 24...
Neg4 25. cxd5 $2 (25. e5 $1 dxc4+ 26. Kg1 cxb3 27. axb3 {fights for survival.})
25... Nxe4 $1 26. Nxe4 exd5 27. Nc6 Rxe4 28. Qxe4 dxe4 29. Rxd8+ Kh7 {
Black has a winning attack.} 30. Bc1 e3 31. Kf3 Nxh2+ 32. Ke2 $5 Bf6 $1 33. Rd5
Qc8 34. f5 gxf5 35. Nd4 Qa8 36. Rxf5 Bxd4 37. Rxh5+ Kg6 38. Rxh2 Qe4 $1 39. Rc4
b5 $1 40. Rxd4 Qxd4 41. Bxe3 Qb2+ 42. Bd2 Qxa2 43. b4 $1 Qc4+ 44. Kf2 Qd4+ 45.
Ke2 Qc4+ 46. Kf2 Qd4+ 47. Ke2 Qg1 48. Rh6+ Kf5 49. Rh5+ Kf6 $2 {
The king has to move forwards.} 50. Bf4 $2 (50. Be1 $1 Qg2+ 51. Ke3 {
creates a fortress (Anand).}) 50... Qg2+ 51. Ke3 Qa2 52. Rh4 Kf5 53. Bh6 Qg2 $1
54. g4+ Ke6 55. Bf4 Kd5 56. Rh5+ Kc4 57. Rh6 Qxg4 58. Rxa6 Kxb4 59. Rd6 Qf5 60.
Rd4+ Kc3 61. Re4 Qd5 {Karpov joined the lead.} 0-1

[Event "Biel"]
[Site "30"]
[Date "1997.07.30"]
[Round "8"]
[White "Lautier, Joel"]
[Black "Karpov, Anatoly"]
[Result "1-0"]
[WhiteElo "2660"]
[BlackElo "2745"]
[Annotator "JvR"]
[PlyCount "85"]
[EventDate "1997.07.20"]
[SourceDate "2013.10.27"]

1. e4 c6 2. d4 d5 3. Nc3 dxe4 4. Nxe4 Nd7 5. Ng5 Ngf6 6. Bd3 e6 7. N1f3 Bd6 8.
Qe2 h6 9. Ne4 Nxe4 10. Qxe4 c5 11. O-O Nf6 12. Qh4 cxd4 13. Re1 Bd7 14. Nxd4 $5
(14. Bd2 Qc7 15. Rad1 O-O-O 16. Qxd4 {
drew in Shabalov - Gulko, Parsippany 1996.}) 14... Qa5 15. Be3 Kf8 $5 ({
Lautier prefers} 15... Qh5 16. Qxh5 Nxh5) 16. Bf4 $5 Bxf4 $2 (16... e5 $1 17.
Nb3 exf4 $1 18. Nxa5 g5 19. Nxb7 Be7 20. Qh3 Bxh3 21. gxh3 Rb8 {
counters brilliantly.}) 17. Qxf4 Rc8 18. Nf3 Ke7 $5 19. Qg3 Qb4 20. Ne5 g5 21.
c4 $1 Rhd8 $5 ({The pointe is} 21... Qxb2 $5 22. Rab1 Qxa2 23. Rxb7 Qd2 24. Kf1
Rhd8 25. Rxa7 {and White has an advantage.}) 22. Qh3 h5 $5 23. Qe3 g4 24. a3 $5
Qxb2 25. Rab1 Qxa3 26. Nxf7 $1 Qc5 (26... Kxf7 $2 27. Bg6+ {costs a queen.})
27. Nxd8 Qxe3 28. Rxe3 Kxd8 29. Rxb7 a5 30. Ra7 Rc5 31. f4 gxf3 32. Rxf3 Ne8
33. Rf7 Nc7 34. Rh7 Be8 35. Kf2 Kc8 36. Rh8 Kd7 37. Ke3 e5 38. Be2 Bg6 39. Bxh5
Bf5 40. Be2 Be6 41. h4 Kc6 42. Rh6 Kd7 43. h5 {Anand took the sole lead again.}
1-0

[Event "Biel"]
[Site "30"]
[Date "1997.07.31"]
[Round "9"]
[White "Karpov, Anatoly"]
[Black "Milov, Vadim"]
[Result "1-0"]
[WhiteElo "2745"]
[BlackElo "2635"]
[Annotator "JvR"]
[PlyCount "69"]
[EventDate "1997.07.20"]
[SourceDate "2013.10.27"]

1. d4 d5 2. c4 dxc4 3. e4 Nc6 4. Nf3 Bg4 5. d5 Ne5 6. Bf4 Ng6 7. Be3 Nf6 8. Nc3
e5 9. Bxc4 a6 10. O-O Bd6 11. Be2 O-O 12. Nd2 Bd7 $5 (12... Bxe2 13. Qxe2 Nd7 {
happened in Podgaets - Raetsky, Biel 1997 (previously in the same tournament).}
) 13. Rc1 Qe7 14. a3 b5 15. Nb3 Nf4 $1 16. Bf3 Kh8 $5 17. Na2 g5 $5 {
He starts a risky attack.} 18. Nc5 $1 Rg8 $5 19. Nb4 Rg6 20. Qc2 g4 21. Be2
Rag8 22. Rfd1 $5 {He could have captured a6.} N6h5 23. g3 Bc8 24. Nc6 ({Not} 
24. gxf4 $2 g3 $1 25. hxg3 Nxg3 26. fxg3 Rxg3+) 24... Qg5 $5 25. Bf1 $5 Rh6 $5
26. Qc3 $2 ({Right is} 26. Nd3 $1) 26... Nf6 $1 27. Nd3 $1 Qh5 28. h4 gxh3 $2 (
28... Nxe4 $1 29. Nxf4 Qf5 30. Qe1 exf4 {leads to chances for both sides.}) 29.
Ndxe5 $1 Rg7 30. Bxf4 Nxe4 31. Qe3 Qf5 32. Bxh6 h2+ 33. Kxh2 Nxf2 34. Bxg7+
Kxg7 35. Rd4 {Karpov defended well.} 1-0

[Event "Biel"]
[Site "30"]
[Date "1997.07.31"]
[Round "9"]
[White "Pelletier, Yannick"]
[Black "Anand, Viswanathan"]
[Result "0-1"]
[WhiteElo "2465"]
[BlackElo "2765"]
[Annotator "JvR"]
[PlyCount "66"]
[EventDate "1997.07.20"]
[SourceDate "2013.10.27"]

1. d4 d5 2. c4 dxc4 3. Nf3 Nf6 4. e3 e6 5. Bxc4 c5 6. Qe2 cxd4 7. exd4 a6 8.
O-O b5 9. Bb3 Be7 10. Bg5 $5 O-O 11. Re1 $6 ({More solid is} 11. Nc3 Nc6 12.
Rad1) 11... Nc6 12. Nc3 $6 {White sacrifices a pawn.} (12. Rd1 $5 {
costs a tempo.}) 12... Nxd4 13. Nxd4 Qxd4 14. Qf3 Qa7 15. Bc2 h6 $5 16. Be3 Bb7
17. Ne4 Qb8 $1 18. Bf4 Qc8 19. Nxf6+ $5 Bxf6 20. Qd3 g6 21. Bb3 ({Or} 21. Bxh6
Rd8 22. Qe2 Bxb2 23. Bxg6 Bxa1) 21... Bg7 22. Qh3 Kh7 23. Rac1 Qd8 24. Rc7 Bd5
25. Rd1 Qf6 26. Bxd5 $2 ({Better is} 26. Bd6 Bxb3 27. Qxb3) 26... Qxf4 $1 27.
Bxa8 Qxc7 28. Be4 Bxb2 {Black has gained a second pawn.} 29. Qf3 Kg7 30. h4 h5
31. Bb7 Qa5 32. Qc6 Qxa2 33. Bxa6 Bd4 $1 {Anand and Karpov played a quick draw
in the last round. The final standings became: Anand 7/10, Karpov 61/2,
Gelfand 51/2, Lautier 41/2, Milov 4, Pelletier 21/2.} 0-1

[Event "Biel"]
[Site "31"]
[Date "1998.07.??"]
[Round "5"]
[White "Hickl, Joerg"]
[Black "Palac, Mladen"]
[Result "0-1"]
[WhiteElo "2555"]
[BlackElo "2545"]
[Annotator "JvR"]
[PlyCount "118"]
[EventDate "1998.07.??"]
[SourceDate "2013.10.27"]

{The thirty-first Schachfestival was played in vii 1998. The twelve
participants of the main group were unimpressive. We look at three games of
the winner, Mladen Palac.} 1. c4 Nf6 2. g3 e5 3. Bg2 d5 4. cxd5 Nxd5 5. Nc3 Nb6
6. b3 Be7 7. Bb2 O-O 8. Nf3 Nc6 9. O-O Re8 10. d3 Bg4 11. a3 $5 Bf8 12. h3 Be6
13. Kh2 f6 14. Nd2 Nd5 15. Rc1 Nxc3 16. Rxc3 Bd5 17. Bxd5+ Qxd5 18. Rc4 a5 19.
Qc2 Rad8 20. Nf3 f5 21. Nh4 $5 Nd4 $1 22. Bxd4 exd4 23. b4 $1 (23. Rxc7 $2 Bd6
24. Rc4 b5 25. Rc6 Bxa3 {favours Black.}) 23... axb4 24. axb4 b5 25. Rxc7 Bxb4
26. Nxf5 $6 ({Preferable is} 26. Ng2 $1) 26... Qxf5 27. Qb3+ Kh8 28. Qxb4 Rxe2
29. Kg1 {White has a passive position.} h6 30. Rc5 $6 Qxd3 $1 31. Qxb5 Qxb5 32.
Rxb5 d3 {Black advances a dangerous passed pawn.} 33. Rd1 d2 34. Kf1 Rde8 35.
Rbb1 Kh7 36. Ra1 R8e6 37. Rab1 Kg8 38. Ra1 Kf7 39. Rab1 Ke7 40. g4 g5 $1 41.
Ra1 Kd7 42. Rdb1 $5 R6e4 43. Kg2 Re1 44. Rd1 Kc6 $1 45. f3 Re8 $5 46. Kf2 R1e2+
$2 (46... R8e2+ $1 47. Kg3 Rxd1 48. Rxd1 Kd5 49. f4 Ke4 50. f5 Kd3 {
wins for Black.}) 47. Kg3 Rd8 48. Ra2 Rd3 49. h4 Kc5 50. hxg5 $5 hxg5 51. Rc2+
$2 ({Better is} 51. Rda1 $1) 51... Kd4 $1 52. Ra2 Kc3 53. Ra5 Re1 54. Rxd2 Kxd2
55. Rxg5 Ree3 56. Rf5 Ke2 57. g5 $1 Rd1 $1 ({The trap is} 57... Rxf3+ $2 58.
Rxf3 Rxf3+ 59. Kg4 $1 {drawn.}) 58. Kg4 Rg1+ 59. Kh5 Rxf3 {Black wins easily.}
0-1

[Event "Biel"]
[Site "31"]
[Date "1998.07.??"]
[Round "7"]
[White "Jenni, Florian"]
[Black "Palac, Mladen"]
[Result "0-1"]
[WhiteElo "2415"]
[BlackElo "2545"]
[Annotator "JvR"]
[PlyCount "110"]
[EventDate "1998.07.??"]
[SourceDate "2013.10.27"]

1. e4 c5 2. c3 Nf6 3. e5 Nd5 4. d4 cxd4 5. Nf3 Nc6 6. Bc4 Nb6 7. Bb3 d5 8. exd6
Qxd6 9. O-O Be6 10. Na3 dxc3 11. Qe2 Bxb3 12. Nb5 Qb8 13. axb3 e5 14. Nfd4 Nd7
$5 ({Theory is} 14... Nxd4 15. Nxd4 f6 16. bxc3 Kf7) 15. bxc3 {
White has sacrificed a pawn for the initiative.} g6 16. f4 $1 Bc5 17. fxe5 O-O
18. e6 $6 (18. Bh6 $1 {continues the attack.}) 18... Qe5 19. exf7+ Rxf7 {
Suddenly the chances are about equal.} 20. Qc4 Nf6 21. Bf4 $5 Qd5 $1 22. Kh1 $6
Qxc4 $1 23. bxc4 {White has weaknesses.} Ne4 24. Ne6 Bb6 25. g3 Rf6 26. Nbc7 $2
({Preferable is} 26. Nec7 $1 Rc8 $6 27. Nd5 $1) 26... Rc8 $1 {
Black takes the initiative.} 27. Rfe1 Nf2+ 28. Kg2 Bxc7 29. Kxf2 $5 Bxf4 $5 30.
gxf4 Re8 31. Nd4 Rxf4+ {Black has gained a pawn.} 32. Kg3 Rfe4 $5 33. Red1 $2 (
33. Rxe4 Rxe4 34. Kf3 Rh4 35. Kg3 g5 36. Rb1 Nxd4 37. cxd4 b6 38. c5 {
draws by exchanges.}) 33... Re3+ 34. Kg2 R8e7 35. Nxc6 bxc6 36. Ra6 Rc7 $5 37.
Rc1 $2 (37. Rd6 $1 c5 38. Rdc6 Rd7 39. Ra2 {plays for a draw.}) 37... Re4 38.
Ra4 Rd7 39. Kf3 $5 Rh4 40. Kg3 g5 41. Rf1 Rd3+ 42. Rf3 Rxf3+ 43. Kxf3 Rxh2 {
Black has two connected passed pawns.} 44. Rxa7 $2 (44. Kg4 $1 Rg2+ 45. Kf5 h5
46. Rxa7 h4 47. Kg6 {fights for the last chance.}) 44... Rh4 $1 45. c5 Rf4+ 46.
Kg3 h5 47. Rc7 Rc4 48. Rxc6 Rxc3+ 49. Kg2 Kg7 50. Rc8 Kg6 51. c6 Kf5 52. c7 Kg4
53. Ra8 Rc2+ 54. Kg1 Rxc7 55. Ra4+ Kh3 {Palac won the rook ending.} 0-1

[Event "Biel"]
[Site "31"]
[Date "1998.07.??"]
[Round "11"]
[White "Zueger, Beat"]
[Black "Palac, Mladen"]
[Result "0-1"]
[WhiteElo "2445"]
[BlackElo "2545"]
[Annotator "JvR"]
[PlyCount "64"]
[EventDate "1998.07.??"]
[SourceDate "2013.10.27"]

1. c4 e5 2. g3 Nf6 3. Bg2 d5 4. cxd5 Nxd5 5. Nc3 Nb6 6. Nf3 Nc6 7. O-O Be7 8.
a3 O-O 9. b4 Be6 10. Rb1 f6 11. d3 a5 12. b5 Nd4 13. Nd2 Bd5 14. Nxd5 Nxd5 15.
Bb2 a4 16. Bxd5+ $5 (16. Bxd4 exd4 17. Bxd5+ Qxd5 18. Qc1 {
happened in Sunye Neto - Hansen, Novi Sad 1990.}) 16... Qxd5 17. e4 $6 {
Pawn d3 is weakened.} Qd7 18. Bxd4 Qxd4 19. Nc4 $6 ({Preferable is} 19. Qc2
Rad8 20. Rbd1 Qxd3 21. Qxc7) 19... Rfd8 $1 20. Qg4 Qd7 $1 21. Qh4 $5 (21. Qxd7
Rxd7 22. Rfd1 Rad8 {costs a pawn.}) 21... Qxd3 22. Ne3 $5 Qxa3 $5 23. Rfc1 Qd6
24. Nf5 Qd7 25. Qg4 Bf8 26. Rd1 Qe8 27. Rdc1 Rac8 28. h4 h5 29. Qe2 Qf7 30. Ne3
a3 31. g4 Qg6 32. Qc4+ Kh8 {The final standings became: Palac 71/2/11,
Mittelman and Hickl 7, Ekstroem, Pelletier and Peptan 51/2, Galagher and
Marciano 5, Bagirov, Zueger, Landenbuergue and Jenni 41/2.} 0-1

[Event "Biel"]
[Site "32"]
[Date "1999.07.20"]
[Round "2"]
[White "Bologan, Viktor"]
[Black "Bunzmann, Dimitrij"]
[Result "1-0"]
[WhiteElo "2620"]
[BlackElo "2596"]
[Annotator "JvR"]
[PlyCount "101"]
[EventDate "1999.07.19"]
[SourceDate "2013.10.27"]

{The thirty-second Schachfestival was played from 19 until 28 1999. Six men
carried out double rounds.} 1. e4 e6 2. d3 d5 3. Nd2 b6 4. Ngf3 Nf6 5. c3 Be7
6. Qa4+ c6 7. Be2 O-O 8. O-O b5 9. Qc2 c5 10. d4 Qb6 $5 11. dxc5 Bxc5 12. Bd3
$1 Nc6 $2 ({Preferable is} 12... Nbd7 13. exd5 exd5) 13. exd5 exd5 14. Nb3 Bg4
15. Nxc5 Qxc5 16. Be3 $1 {White has a number of small advantages.} Qd6 17. Nd4
a6 18. Nxc6 Qxc6 19. Bd4 h6 20. f3 Bd7 21. Rad1 Rad8 22. Qd2 Nh7 $5 23. Bc2
Rfe8 24. Qf2 Qd6 25. Rd2 Bc6 26. Bc5 Qf4 27. Rd4 Qe5 28. Rfd1 {
The white pieces slowly move to better places.} Nf6 29. R4d2 Nh5 30. Qd4 Qg5 $5
31. g3 Nf6 32. Qd3 g6 33. Bd4 Nd7 34. Qf1 $1 Qe7 35. Qh3 $1 Kh7 36. g4 $1 Nc5
37. Qg3 Ne6 38. Re2 Qg5 $2 {The queen will be chased.} (38... Rc8 39. f4 Qd8
40. Be3 d4 41. cxd4 Qd5 {offers more resistance.}) 39. Be5 $1 Nc5 40. Bf4 $1
Qf6 41. g5 $1 Qh8 42. Be5 Qf8 43. gxh6 Ne6 44. h4 $1 Qxh6 45. h5 Ng7 46. hxg6+
Kg8 ({Or} 46... fxg6 47. Rh2 Nh5 48. Bxg6+ $1 Qxg6 49. Rxh5+ {
and White delivers mate (Psakhis).}) 47. gxf7+ Kxf7 48. Kf2 $1 Nh5 49. Qh4 Rg8
50. Rh1 d4 51. Bb3+ {Bologan attacked patiently.} 1-0

[Event "Biel"]
[Site "32"]
[Date "1999.07.21"]
[Round "3"]
[White "Avrukh, Boris"]
[Black "Bologan, Viktor"]
[Result "1-0"]
[WhiteElo "2588"]
[BlackElo "2620"]
[Annotator "JvR"]
[PlyCount "113"]
[EventDate "1999.07.19"]
[SourceDate "2013.10.27"]

1. d4 d6 2. c4 e5 3. d5 f5 4. e4 fxe4 5. Nc3 Nf6 6. Nge2 Bf5 7. Ng3 Bg6 8. Bg5
Nbd7 9. Ncxe4 $5 ({Known is} 9. Ngxe4) 9... Be7 10. Bxf6 Bxf6 11. Bd3 O-O 12.
O-O Bh4 13. Ne2 Qe7 14. Qc2 Rf7 15. N2c3 Raf8 16. b4 a6 17. Rad1 Qd8 18. Qe2
Nb6 $5 19. c5 Nc8 $1 20. g3 Be7 21. a4 $1 {
White takes the initiative on the queenside.} a5 $5 22. bxa5 dxc5 23. a6 $1
bxa6 24. Bxa6 {He has a superior pawn structure.} Rf3 25. Rd3 Bh5 26. Qa2 R3f7
27. Rd2 Qd7 28. Be2 Bxe2 $2 (28... Bg6 {keeps the strength of the two bishops.}
) 29. Rxe2 Na7 $6 (29... h5 {tries to counter.}) 30. Qc4 Qh3 31. Qa6 $5 {
Pawn c5 could be captured.} Nc8 32. Qe6 $1 Qxe6 33. dxe6 Rf3 34. Nd5 Bd6 35.
Rc1 Ra3 36. Nxc5 Re8 37. Ne4 Rxe6 38. Nxc7 Bxc7 39. Rxc7 Nb6 40. Nc5 Re8 41.
Re4 Nd5 42. Ra7 h5 43. a5 Nf6 44. Rb4 $5 e4 $1 45. Rbb7 Kh8 46. a6 $2 ({
Better is} 46. Rxg7 $1 Rxa5 47. Rxa5 Kxg7 48. Ra6) 46... e3 $1 47. fxe3 Ra1+ $2
(47... Ra2 $1 {draws.}) 48. Kg2 Ra2+ 49. Kf3 $1 Ng4 50. Re7 Rd8 51. Rxg7 $2 ({
Correct is} 51. Nd7 $1 Nxh2+ 52. Kf4 {(Ribli).}) 51... Rf2+ 52. Ke4 Nf6+ 53.
Ke5 Rd5+ 54. Ke6 Rxc5 55. Rgc7 Ra5 $2 (55... Rg5 $5 56. Rab7 Ne8 $1 57. Rh7+
Kg8 58. a7 Ra5 59. Rhe7 Ra6+ 60. Kd5 Ra5+ {defends properly.}) 56. Rf7 Re2 57.
Kxf6 {Avrukh won after a number of adventures.} 1-0

[Event "Biel"]
[Site "32"]
[Date "1999.07.23"]
[Round "5"]
[White "Avrukh, Boris"]
[Black "Piket, Jeroen"]
[Result "0-1"]
[WhiteElo "2588"]
[BlackElo "2635"]
[Annotator "JvR"]
[PlyCount "96"]
[EventDate "1999.07.19"]
[SourceDate "2013.10.27"]

{Decades ago I played with Joop Piket in Leiden. His son Jeroen became a lot
stronger than us.} 1. d4 d5 2. c4 c6 3. Nc3 Nf6 4. e3 e6 5. Nf3 Nbd7 6. Qc2 Bd6
7. b3 O-O 8. Bb2 b6 9. Bd3 Bb7 10. O-O Rc8 11. Rad1 Qc7 12. e4 dxc4 $5 (12...
dxe4 13. Nxe4 Nxe4 14. Bxe4 Nf6 {
happened in Stoltz - Kottnauer, Groningen 1946.}) 13. Bxc4 e5 14. Ne2 c5 $6 15.
dxe5 $6 (15. d5 {gains a plus.}) 15... Nxe5 16. Nxe5 Bxe5 17. Bxe5 Qxe5 18. f3
Rfd8 19. Rd3 g6 20. Rfd1 Rxd3 21. Qxd3 Kg7 22. Qc3 Qxc3 23. Nxc3 {
White has a slightly better endgame.} Bc6 24. Nb5 Bxb5 25. Bxb5 Rc7 26. Rd8 g5
27. Kf2 Re7 28. Ke3 Nh5 29. g3 Nf6 30. g4 $5 h5 $1 31. h4 $6 {
The white collapse begins.} gxh4 32. g5 Nh7 33. f4 h3 34. Bc4 $2 {
He spoils time.} ({Better is} 34. Rd1 $1 f6 35. g6 Kxg6 36. Rh1) 34... h2 35.
Rd1 f6 36. g6 $5 Kxg6 37. Rh1 $2 (37. Be6 $1 Kh6 38. Bf5 Rg7 39. Kf2 Nf8 40.
Rh1 Ng6 41. Bxg6 Rxg6 42. Rxh2 {fights for a draw.}) 37... f5 38. Rxh2 Nf6 39.
Rd2 Rxe4+ 40. Kf3 Rd4 41. Rg2+ Kh6 42. Bf7 Ng4 43. Kg3 h4+ 44. Kxh4 Rxf4 45.
Kg3 Kg5 46. Re2 Re4 47. Rd2 f4+ 48. Kg2 Rd4 {
Piket led by half-a-point on Avrukh and Bologan at the end of the first cycle.}
0-1

[Event "Biel"]
[Site "32"]
[Date "1999.07.24"]
[Round "6"]
[White "Bunzmann, Dimitrij"]
[Black "Piket, Jeroen"]
[Result "0-1"]
[WhiteElo "2596"]
[BlackElo "2635"]
[Annotator "JvR"]
[PlyCount "82"]
[EventDate "1999.07.19"]
[SourceDate "2013.10.27"]

1. c4 e5 2. Nc3 Nf6 3. g3 Bb4 4. Bg2 O-O 5. Nf3 Re8 6. O-O e4 7. Ng5 Bxc3 8.
dxc3 d6 9. Nh3 $5 {The knight wants to move towards d5.} ({Theory is} 9. f3)
9... Nbd7 10. Qd4 $5 b6 11. Nf4 Bb7 12. Rd1 Ne5 13. b3 a5 14. Be3 Neg4 15. Bc1
$5 a4 $1 16. b4 $1 Ne5 17. Be3 $2 (17. b5 $1 a3 18. Rb1 Ra4 19. Rb4 Qa8 20. Bd2
{defends well.}) 17... c5 $1 18. Qxd6 Nxc4 19. Qxd8 Rexd8 20. bxc5 Nxe3 21.
fxe3 bxc5 {Black has a superior pawn structure.} 22. Rdb1 Bc6 23. Rb6 Rac8 24.
h4 h6 25. Bh3 Rc7 26. h5 Kf8 $1 27. Rab1 Ke7 28. c4 Rd2 29. Ra6 (29. R6b2 Rxb2
30. Rxb2 Rb7 {also wins for Black (Piket).}) 29... Rxa2 {
Jeroen has gained a pawn.} 30. Rbb6 $2 (30. Rd1 $1 Bb7 31. Ra7 {
hinders the opponent.}) 30... Kd6 $1 31. Kf2 a3 32. Ke1 Rb2 33. Rb5 $1 Rb4 34.
Rba5 Rxc4 35. Rxa3 Rb7 36. Ra2 Rc1+ 37. Kd2 Rg1 $1 38. Kc3 Rxg3 39. Bc8 Rc7 40.
Bf5 Rxe3+ 41. Kc4 Ke5 $1 {Piket kept the lead.} 0-1

[Event "Biel"]
[Site "32"]
[Date "1999.07.24"]
[Round "6"]
[White "Onischuk, Alexander"]
[Black "Avrukh, Boris"]
[Result "0-1"]
[WhiteElo "2657"]
[BlackElo "2588"]
[Annotator "JvR"]
[PlyCount "98"]
[EventDate "1999.07.19"]
[SourceDate "2013.10.27"]

1. e4 c5 2. Nf3 d6 3. d4 cxd4 4. Nxd4 Nf6 5. Nc3 Nc6 6. Bc4 e6 7. Be3 Be7 8. f4
O-O 9. Qf3 Nxd4 10. Bxd4 Qa5 11. O-O $5 ({The alternative is} 11. Bb3) 11... e5
12. Be3 exf4 13. Qxf4 Be6 14. Bb3 Qh5 15. h3 Qg6 16. Qf3 a6 $5 17. e5 $1 dxe5
18. Bxe6 fxe6 19. Qxb7 Rfe8 20. Rf2 Bf8 21. Rb1 Kh8 22. Qc7 Rad8 23. Rbf1 e4
24. Qc6 Bd6 $1 25. Ne2 (25. Qxa6 $5 Bg3 26. Rd2 Rb8 {counters.}) 25... Be5 26.
c3 Nd5 27. Bd4 Bxd4 $6 ({Preferable is} 27... Bf6 $5 28. Nf4 Nxf4 29. Rxf4 e5
30. Rg4 Qxg4 $1 31. hxg4 exd4) 28. Nxd4 h6 29. Qxa6 e3 30. Rf3 Qe4 31. Qe2 $2 (
{Better is} 31. Re1 $1 Rb8 32. Qc6 Rec8 33. Qd7 {and White has an advantage.})
31... e5 32. Nb3 $2 (32. Qc2 $5 Nf6 33. Rxf6 Qxc2 34. Nxc2 gxf6 35. Nxe3 {
exchanges towards equality (Avrukh).}) 32... Qg6 $1 33. g4 Nf4 $1 34. Qxe3 Rd3
35. Qe1 Nxh3+ $6 36. Kh2 Ng5 $6 37. Re3 Red8 38. Nc1 $2 {
Both players mess around during time pressure.} ({Correct is} 38. Rf5) 38...
Rxe3 $5 39. Qxe3 e4 40. Kg3 Nf3 41. Qf4 Kg8 42. Qf5 Qd6+ 43. Qf4 Qe7 44. Kg2
Rf8 45. Qg3 Nh4+ 46. Kg1 Qc5+ 47. Rf2 Nf3+ 48. Kg2 h5 49. Nd3 exd3 {
Avrukh kept chasing Piket.} 0-1